Viver e aprender (Record no. 134321)
[ view plain ]
| 000 -LÍDER | |
|---|---|
| campo de controle de tamanho fixo | 00778 a2200205 4500 |
| 001 - NÚMERO DE CONTROLE | |
| campo de controle | 134321 |
| 020 ## - ISBN - INTERNATIONAL STANDARD BOOK NUMBER | |
| ISBN - International Standard Book Number | 85-02-02684-4 |
| 040 ## - FONTE DA CATALOGAÇÃO | |
| Instituição que transcreveu o registro | Leonardo Da Vinci |
| 041 ## - CÓDIGO DE IDIOMA | |
| Código do idioma do texto/trilha sonora ou título diferente | Português |
| 082 ## - CDD - CLASSIFICAÇÃO DECIMAL DE DEWEY | |
| Número de Classificação | 372.23 L967v |
| Número do exemplar | L967v |
| 100 ## - ENTRADA PRINCIPAL--NOME PESSOAL | |
| Nome pessoal | LUCCI, Elian Alabi |
| 245 ## - TÍTULO | |
| Título | Viver e aprender |
| Restante do título | história e geografia |
| 250 ## - EDIÇÃO | |
| Edição | v.3 |
| 260 ## - PUBLICAÇÃO, DISTRIBUIÇÃO, ETC. | |
| Nome do editor, distribuidor, etc. | Saraiva |
| Data da publicação, distribuição, etc. | 1998 |
| Local de publicação, distribuição, etc. | São Paulo |
| 300 ## - DESCRIÇÃO FÍSICA | |
| Extensão | 112 |
| 362 ## - DATAS DE PUBLICAÇÃO E/OU DESIGNAÇÃO SEQUENCIAL | |
| Datas de publicação e/ou designação sequencial | 19980000 |
| 500 ## - NOTA GERAL | |
| Nota geral | Douglas Galindo e Teresa Senda (Ilustração) |
| -- | Livro do Professor |
| 697 ## - ENTRADA DE ASSUNTO LOCAL--ENTIDADE COLETIVA (RLIN) | |
| Nome corporativo ou nome da jurisdição | Estudos Sociais |
| -- | História |
| -- | Geografia |
| -- | Município |
| -- | Zona Rural |
| -- | Zona Urbana |
| -- | Paisagem |
| -- | Relevo |
| -- | Água |
| -- | Clima |
| -- | Vegetação |
| -- | História |
| -- | Documentos |
| -- | Governo |
| -- | Leis |
| -- | População |
| -- | Trabalho |
| -- | Agricultura |
| -- | Pecuária |
| -- | Extrativismo |
| -- | Indústria |
| -- | Ensino fundamental 1. Ciclo |
| 942 ## - ELEMENTOS DE ENTRADA ADICIONADOS (KOHA) | |
| Tipo de material Koha | Livros |
| Situação do descarte | Situação das perdas | Situação física | Não pode ser emprestado | Biblioteca de origem | Biblioteca atual | Data de aquisição | Total de empréstimos | Número de chamada completo | Código de barras | Data de último acesso | Data do preço efetivo | Tipo de material Koha |
|---|---|---|---|---|---|---|---|---|---|---|---|---|
| Leonardo Da Vinci - Osasco | Leonardo Da Vinci - Osasco | 27/03/2024 | 372.23 L967v | O002126 | 27/03/2024 | 27/03/2024 | Livros |